1974 г.; Вычислительная техника за рубежом...

Podrobná bibliografie
Parent link:Вычислительная техника за рубежом...: сборник материалов/ Академия наук СССР (АН СССР), Институт точной механики и вычислительной техники им. С. А. Лебедева (ИТМиВТ). 1974 г..— , 1974-1988
Shrnutí:Исключено из фонда НТБ ТПУ
Jazyk:ruština
Vydáno: 1975
Médium: MixedMaterials Kniha
KOHA link:https://koha.lib.tpu.ru/cgi-bin/koha/opac-detail.pl?biblionumber=263445

MARC

LEADER 00000nam2a2200000 4500
001 263445
005 20231031222408.0
035 |a (RuTPU)RU\TPU\book\286430 
090 |a 263445 
100 |a 20140609d1975 km y0rusy50 ca 
101 0 |a rus 
102 |a RU 
105 |a y z 001zy 
200 0 |a 1974 г. 
210 |d 1975 
215 |a 306 с.  |c ил. 
320 |a Библиогр.: с. 278-304. 
333 |a Исключено из фонда НТБ ТПУ 
461 1 |0 (RuTPU)RU\TPU\book\288099  |t Вычислительная техника за рубежом...  |o сборник материалов  |f Академия наук СССР (АН СССР), Институт точной механики и вычислительной техники им. С. А. Лебедева (ИТМиВТ)  |v 1974 г.  |d 1974-1988 
801 1 |a RU  |b 63413507  |c 20140609 
801 2 |a RU  |b 63413507  |c 20220616  |g RCR 
942 |c BK